Preceptos higiénicos o medidas preventivas contra el cólera aprobados por la Junta Provincial de Sanidad en sesión de 18 de julio de 1892
Descripción Física:
7 p. ; 22 cm
Materias:
Còlera -- Prevenció -- Normes
MARC
| LEADER | 00000nam a2200000Ia 4500 | ||
|---|---|---|---|
| 001 | 7889 | ||
| 003 | BGR | ||
| 005 | 20260410113654.0 | ||
| 008 | 160829s1892 xx 000 0 cat d | ||
| 080 | |a RF-5-55 | ||
| 110 | 1 | |a Barcelona (Catalunya : Província). |b Diputació |9 52408 | |
| 245 | |a Preceptos higiénicos o medidas preventivas contra el cólera aprobados por la Junta Provincial de Sanidad en sesión de 18 de julio de 1892 | ||
| 260 | |a Barcelona : |b Diputació, (Imp. Casa Caritat), |c 1892 | ||
| 300 | |a 7 p. ; |c 22 cm | ||
| 590 | |a Hi ha un duplicat: DUP-21-34 | ||
| 650 | |a Còlera |x Prevenció |x Normes |9 27722 | ||
| 856 | 4 | |u https://media.diba.cat/diba/fitxers/arxiu/fulletons/bib_7889_1892_baixa.pdf |y Accés lliure | |
| 856 | 4 | |u https://media.diba.cat/diba/fitxers/arxiu/fulletons/bib_7889_1892_baixa.pdf |y Accés lliure | |
| 900 | |a bib_7889_1892_baixa.pdf | ||
| 901 | |a Arxiu | ||
| 942 | |n 1 |2 udc |c MON | ||
| 952 | |0 0 |1 0 |4 0 |6 RF555 |7 1 |9 44523 |a Arxiu |b Arxiu |d 2016-12-01 |l 0 |o RF-5-55 |p 7889 |r 2016-12-01 00:00:00 |w 2016-12-01 |y ARXIU | ||
| 999 | |c 47104 |d 47104 | ||